Rend Collective – Choose to worship lyrics - Statistics

General Stats
  • This quiz has been taken 18 times
  • The average score is 178 of 248
Answer Stats
answer % Correct
and
100%
I
100%
in
100%
In
100%
to
100%
choose
89%
my
89%
of
89%
offering
89%
the
89%
There
89%
worship
89%
You
89%
bow
78%
down
78%
good
78%
is
78%
it
78%
It
78%
life
78%
no
78%
pain
78%
praise
78%
will
78%
always
67%
are
67%
ever
67%
flood
67%
For
67%
forever
67%
not
67%
nothing
67%
now
67%
song
67%
soul
67%
storm
67%
that
67%
through
67%
Through
67%
valley
67%
when
67%
When
67%
be
56%
could
56%
doubt
56%
enemy
56%
fire
56%
Here
56%
here
56%
lay
56%
matter
56%
sing
56%
steal
56%
there’s
56%
Though
56%
what
56%
worthy
56%
conflict
44%
darkest
44%
high
44%
I’m
44%
joy
44%
lift
44%
loud
44%
night
44%
out
44%
praises
44%
right
44%
says
44%
unravelling
44%
won’t
44%
altar
33%
build
33%
burn
33%
comes
33%
crashing
33%
darkness
33%
done
33%
midst
33%
perfect
33%
suffering
33%
surrounds
33%
world
33%
dawn
22%
Till
22%
turns
22%
or
11%
No matching quizzes found
Score Distribution
Percent of People with Each Score
Percentile by Number Answered
Your Score History
You have not taken this quiz